Skip to content
VuFind
All Fields
Title
Author
Subject
Call Number
ISBN/ISSN
Tag
Find
Advanced
Dragon Fire
Cite this
Print
Export Record
Export to RefWorks
Export to EndNoteWeb
Export to EndNote
Export to MARC
Dragon Fire
Bibliographic Details
Format:
Book
Holdings
Description
Similar Items
Staff View
MARC
LEADER
00000cam a2200000 7i4500
001
0000007395
002
000007953
005
20000330.0
020
|a
0446346586
090
0
0
|a
F
|b
KAP
245
1
0
|a
Dragon Fire
999
|a
0178224
|b
BUKU
|c
PINJAMAN
|e
PERPUSTAKAAN KOMUNITI PETALING JAYA
999
|a
017824
|b
BUKU
|c
PINJAMAN
|e
PERPUSTAKAAN KOMUNITI PETALING JAYA
Similar Items
Dragon's fire
by: Johnson, Jane
Published: (2008)
The mystery of the fire dragon
by: Keene, Carolyn
Published: (1996)
FIRE CANNOT KILL A DRAGON
by: Hibberd, James
Published: (2020)
NAUGHTY DRAGONS FIRE UP!
by: Prior, Natalie Jane
Published: (2021)
Fire with fire [
by: Barrett, David
Published: (2011)